000 nam a22 7a 4500
999 _c9874
_d9874
008 180208b ||||| |||| 00| 0 eng d
100 _aPeale, N V
_95950
245 _aGreat autherities short stories
260 _aNew Delhi
_c2012